Normal view
MARC view
Entry Personal Name
001 - CONTROL NUMBER
- control field: 28144
003 - CONTROL NUMBER IDENTIFIER
- control field: OSt
005 - DATE AND TIME OF LATEST TRANSACTION
- control field: 20230719085626.0
008 - FIXED-LENGTH DATA ELEMENTS
- fixed length control field: 230719|| aca||aabn | a|a d
040 ## - CATALOGING SOURCE
- Original cataloging agency: OSt
- Transcribing agency: OSt
100 ## - HEADING--PERSONAL NAME
- Personal name: ဝိလႃသ၊
- Titles and other words associated with a name: ၸဝ်ႈသြႃႇဢူး။
670 ## - SOURCE DATA FOUND
- Source citation: Work cat.: (OSt): ဝိလႃသ၊ ၸဝ်ႈသြႃႇဢူး။, မူၵျၢမ်းသၢင်းၵျူဝ်ႇၽၢႆႇတႆး ပထမတွႆး -, 1956 ။